000 00844nam a2200277Ia 4500
003 OSt
005 20221006144355.0
006 a|||||r|||| 00| 0
007 ta
008 221006b |||||||| |||| 00| 0 eng d
020 _c65.00
024 _a11,538
037 _cTextual
040 _aEASL
_cEASL
_beng
041 _2eng
_aeng
082 _aU8.498.N, L6
100 _aHEBER A. Reeve
245 0 _aHimalayan Tibet and Ladakh
_b A description of its chery folk, their ways and religion of the rigours of the climate and beauties of the country, its fauna and flora
260 _aDelhi
_bEss Ess Pub. India
_c1976
300 _a282p.
_ccm.
490 _v Gen
650 _aGen
700 _a HEBER Kathleen M.
942 _hU8.498.N, L6
_cTEXL
_2CC
999 _c1079624
_d1079624